Crumpled letter (Record no. 4639)
[ view plain ]
| 000 -LEADER | |
|---|---|
| fixed length control field | 00458cam a2200193ua 4500 |
| 001 - CONTROL NUMBER | |
| control field | 5463 |
| 005 - DATE AND TIME OF LATEST TRANSACTION | |
| control field | 20260515113906.0 |
| 008 - FIXED-LENGTH DATA ELEMENTS--GENERAL INFORMATION | |
| fixed length control field | 150223n ii |||gr||||Z||||||eng |
| 040 ## - CATALOGING SOURCE | |
| Transcribing agency | MAIN |
| 041 ## - LANGUAGE CODE | |
| Language code of text/sound track or separate title | eng |
| 082 ## - DEWEY DECIMAL CLASSIFICATION NUMBER | |
| Classification number | 826 |
| 100 ## - MAIN ENTRY--PERSONAL NAME | |
| Personal name | Joshi, Suresh, |
| Relator term | Author, |
| 245 ## - TITLE STATEMENT | |
| Title | Crumpled letter |
| Statement of responsibility, etc. | by Suresh Joshi |
| 250 ## - EDITION STATEMENT | |
| Edition statement | 1st. |
| 260 ## - PUBLICATION, DISTRIBUTION, ETC. | |
| Place of publication, distribution, etc. | Chennai: |
| Name of publisher, distributor, etc. | Macmillan india limited, |
| Date of publication, distribution, etc. | 1998. |
| 300 ## - PHYSICAL DESCRIPTION | |
| Extent | 83p: |
| Dimensions | 23cm. |
| 653 ## - INDEX TERM--UNCONTROLLED | |
| Uncontrolled term | English letters |
| 942 ## - ADDED ENTRY ELEMENTS (KOHA) | |
| Koha item type | Books |
| Withdrawn status | Lost status | Damaged status | Not for loan | Home library | Current library | Shelving location | Date acquired | Total checkouts | Full call number | Barcode | Date last seen | Copy number | Price effective from | Koha item type |
|---|---|---|---|---|---|---|---|---|---|---|---|---|---|---|
| Naharkatiya College Library | Naharkatiya College Library | General stacks | 09/19/2020 | 826 | JOH | 17429 | 09/19/2020 | 1 | 09/19/2020 | Books |